000 00974cab a2200289 4500
001 ABS56558
008 090401t1996 xxu||||| |||| 00| 0 eng d
035 _a(Sirsi) u24515
041 _aeng
100 _aJenkins. T.,
245 _aOne year on - the HSE view of CDM
260 _c1996
350 _a0
490 _aRural Design and Building Journal
_vAutumn/Winter 1996, 14-15(2)
520 _aLooks at the CDM Regulations and how they apply to construction projects carried out in the agricultural sector. Examines the main issues for the various duty holders involved.
650 _aAGRICULTURAL SECTOR
650 _aCONSTRUCTION (DESIGN AND MANAGEMENT) REGULATIONS 1994
650 _aCLIENTS
650 _aCONSTRUCTION INDUSTRY
650 _aCONTRACTORS
650 _aHEALTH AND SAFETY
_96244
650 _aPLANNING SUPERVISOR
690 _aBUILDING AND CONSTRUCTION-REGULATIONS
690 _aRURAL PRACTICE
942 _n0
948 _c04/03/1997
999 _c16442
_d16442